| 000 | 00608nam a2200121Ia 4500 | ||
|---|---|---|---|
| 008 | 220615s9999||||xx |||||||||||||| ||und|| | ||
| 100 | _aBosque, Ignacio | ||
| 245 | 0 | _aAdvances in the Analysis of Spanish Exclamatives | |
| 546 | _aEnglish[eng] | ||
| 650 | _aLanguages||Adverb||Exclamation mark||Interrogative word||Optative mood||Presupposition||Semantics||Subject (grammar) | ||
| 856 | _uhttps://library.oapen.org/bitstream/20.500.12657/31702/1/625759.pdf||https://library.oapen.org/bitstream/20.500.12657/31702/1/625759.pdf||https://library.oapen.org/bitstream/20.500.12657/31702/1/625759.pdf | ||
| 942 | _cEB | ||
| 999 |
_c18704 _d18704 |
||